<?xml version="1.0" encoding="UTF-8"?><?xml-stylesheet type="text/xsl" href="static/style.xsl"?><OAI-PMH xmlns="http://www.openarchives.org/OAI/2.0/" xmlns:xsi="http://www.w3.org/2001/XMLSchema-instance" xsi:schemaLocation="http://www.openarchives.org/OAI/2.0/ http://www.openarchives.org/OAI/2.0/OAI-PMH.xsd"><responseDate>2026-04-14T15:27:25Z</responseDate><request verb="GetRecord" identifier="oai:uvadoc.uva.es:10324/29331" metadataPrefix="marc">https://uvadoc.uva.es/oai/request</request><GetRecord><record><header><identifier>oai:uvadoc.uva.es:10324/29331</identifier><datestamp>2021-06-29T21:27:39Z</datestamp><setSpec>com_10324_38</setSpec><setSpec>col_10324_852</setSpec></header><metadata><record xmlns="http://www.loc.gov/MARC21/slim" xmlns:doc="http://www.lyncode.com/xoai" xmlns:xsi="http://www.w3.org/2001/XMLSchema-instance" xmlns:dcterms="http://purl.org/dc/terms/" xsi:schemaLocation="http://www.loc.gov/MARC21/slim http://www.loc.gov/standards/marcxml/schema/MARC21slim.xsd">
<leader>00925njm 22002777a 4500</leader>
<datafield tag="042" ind1=" " ind2=" ">
<subfield code="a">dc</subfield>
</datafield>
<datafield tag="720" ind1=" " ind2=" ">
<subfield code="a">Sanz García, Eduardo Javier</subfield>
<subfield code="e">author</subfield>
</datafield>
<datafield tag="260" ind1=" " ind2=" ">
<subfield code="c">2017</subfield>
</datafield>
<datafield tag="520" ind1=" " ind2=" ">
<subfield code="a">Durante este proyecto, se tratara de analizar las principales características del aceite de oliva, sus variedades, su forma de producción, su impacto económico… Todo ello desde una perspectiva del comercio internacional, ya que el fin último de este trabajo es realizar un análisis exportador.  nos centraremos en un mercado de fuera de la UE, como es China, un país con un mercado potencial enorme y con el cual las relaciones comerciales cada vez son mejores.</subfield>
</datafield>
<datafield tag="024" ind2=" " ind1="8">
<subfield code="a">http://uvadoc.uva.es/handle/10324/29331</subfield>
</datafield>
<datafield ind1=" " ind2=" " tag="653">
<subfield code="a">Aceite de oliva-Industria y comercio</subfield>
</datafield>
<datafield ind1=" " ind2=" " tag="653">
<subfield code="a">Aceite de oliva-Exportación-China</subfield>
</datafield>
<datafield tag="245" ind1="0" ind2="0">
<subfield code="a">Internacionalización del aceite de oliva español en China</subfield>
</datafield>
</record></metadata></record></GetRecord></OAI-PMH>